| 000 | 00797nam a22002177a 4500 | ||
|---|---|---|---|
| 003 | OSt | ||
| 005 | 20260306031658.0 | ||
| 008 | 260306b |||||||| |||| 00| 0 eng d | ||
| 020 | _a0-495-00681-5. | ||
| 040 |
_aDWCL Main Lib _cOC |
||
| 082 |
_28th ed., International st _aCirc. 158.720 M942 2006 |
||
| 100 | _aMuchinsky, Paul M. | ||
| 245 |
_aPsychology applied to work : _ban introduction to industrial and organizational psychology _cPaul M. Muchinsky |
||
| 250 | _a8th ed., International st | ||
| 260 |
_aUSA : _bThomson/Wadsworth, _cc2006. |
||
| 300 |
_axxii, 554 p. : _bill. ; _c23 cm. |
||
| 504 | _aIncludes bibliographical references and index. | ||
| 650 | _aOrganizational behavior. | ||
| 650 | _aPsychology, Industrial. | ||
| 942 |
_2ddc _cBK-CIRC _e8th ed., International st _kCirc. _n0 |
||
| 999 |
_c8672 _d8672 |
||